| 000 | 00442nam a2200157Ia 4500 | ||
|---|---|---|---|
| 005 | 20250326154454.0 | ||
| 008 | 250326s9999 xx 000 0 und d | ||
| 020 | _a9783110633788 | ||
| 082 |
_a658.155 _bENG |
||
| 100 | _aEngemann, Kurt J. / Abrahamsen, Eirik B. | ||
| 245 | 0 | _aSafety Risk Management-Integrating Economic And Safety Perspectives | |
| 260 |
_bDe Gruyter _c2020 |
||
| 300 | _a232 | ||
| 650 | _aEconomics | ||
| 942 | _cENGLISH | ||
| 999 |
_c569128 _d569128 |
||